000 01235cam a2200313 i 4500
001 42308
003 Mx-PuUPA
005 20240508124211.0
008 140415s2023 d fr 000 0 spa d
020 _a9798886769685
040 _cMx-PuUPA
_aMx-PuUPA
_bspa
_dMx-PuUPA
_erda
041 0 _aspa
100 1 _aVega Meneses, José Gerardo de la,
_eautor
_915305
245 1 2 _a3 pilares en el estudio de la historia económica internacional actual /
_cJosé Gerardo de la Vega Meneses
246 3 _aTres pilares en el estudio de la historia económica internacional actual.
264 1 _a[Lugar de publicación no identificado] :
_bGeneris Publishing,
_c©2023
300 _a199 páginas :
_bilustraciones, tablas ;
_c23 cm
336 _2rdacontent
_atexto
_btxt
337 _2rdamedia
_asin medio
_bn
338 _2rdacarrier
_avolumen
_bnc
650 7 _2armarc
_aEconomía internacional
_xHistoria
650 7 _2armarc
_aEstudios económicos
650 7 _2armarc
_aPolítica económica
650 7 _2armarc
_aHistoria económica
942 _2ddc
_cLI
_h337.109
_iV422
999 _c42308
_d42308